Tentamen Publicum Ex Jure Hungarico Civili Priv. Et Criminali, In Regia Academia Posoniensi Mense Augusto MDCCCXX

Bibliographic Details
Main Author: Szapáry, Jozef, 1754-1822 (Author)
Corporate Author: Belnai, Juraj Alojz - dedičia (Printer)
Format: Book
Language:Latin
PhysicalDescription:16 strán 8° 17 x 11 cm
Subjects:

MARC

LEADER 00000nam a2200000 4500
001 vtls012286669
003 SK-MaSNL
005 20260302063455.0
008 251105s1820 xo f 000 0 lat
015 |a SNBHFA 
040 |a SNKHF  |b slo  |c SNKHF  |e rda 
041 1 |a lat 
044 |a xo  |c SK 
072 7 |a 34  |x Právo  |2 konspekt 
080 |a 34  |2 2011 
080 |a 343  |2 2011 
100 1 |a Szapáry, Jozef,  |d 1754-1822  |4 aut  |9 374423 
245 1 0 |a Tentamen Publicum Ex Jure Hungarico Civili Priv. Et Criminali, In Regia Academia Posoniensi Mense Augusto MDCCCXX  |c Quod Auctoritate Et Consensu Excellentissimi Ac Illustrissimi Domini Iosephi e Comitibus Szápáry De Eadem, Perpetui in Muraj-Szombath et Szécsi-Szigeth, Insignis Ordinis S. Stephani Regis Apostolici Commendatoris, S. C. et R. A. Majestatis Camerarii, et Actualis Intimi Status Consiliarii, Inclyti Comitatus Mosoniensis Supremi Comitis, nec non Superioris Regii per Districtum literarium Posoniensem Scholarum et Studiorum Directoris 
264 3 |a Posonii  |b Typis Haeredum Belnayanorum  |c MDCCCXX (1820) 
300 |a 16 strán  |c 8°  |c 17 x 11 cm 
336 |a text  |b txt  |2 rdacontent 
337 |a bez média  |b n  |2 rdamedia 
338 |a zväzok  |b nc  |2 rdacarrier 
500 |a Vinety, vlysy, iniciálky 
546 |a Latinčina  |b Kurzíva 
561 |a Proveniencia: pečiatka Dr. E. Kadarász - ver. not. poz. Margity Zayovej Čís. 13609.  |5 SNK SD 93842 
563 |a Väzba: papierová.  |5 SNK SD 93842 
650 0 7 |a právo  |2 SNKPH  |9 976 
650 0 7 |a trestné právo  |2 SNKPH  |9 984 
700 1 |a Zaiová, Margita,  |d 1868-1937  |4 fmo  |5 SNK SD 93842  |9 186369 
700 1 |a Kadarász, Ernest  |4 oth  |9 302455 
700 1 |a Pfannschmiedt, Eduardus  |4 oth  |9 724777 
700 1 |a Schariczer, Georgius  |4 oth  |9 724778 
700 1 |a Bacskády, Adolphus de Bacskafalva  |4 oth  |9 724779 
700 1 |a Detrich, Ignatius de Eadem et Nemés Lubella  |4 oth  |9 724780 
700 1 |a Molnár, Dionysius  |4 oth  |9 724781 
700 1 |a Prónay, Albertus L. B. de T. Próna  |4 oth  |9 724782 
700 1 |a Kubinyi, Ladislaus de Felsö-Kubiny et Nagy-Olaszi  |4 oth  |9 724783 
700 1 |a Nedeczky, Ludovicus  |4 oth  |9 724784 
700 1 |a Schlossern, Aloysius  |4 oth  |9 724785 
700 1 |a Géczy, Petrus de Garamszeg  |4 oth  |9 724786 
710 2 |a Belnai, Juraj Alojz - dedičia  |4 prt  |9 219570 
752 |a Slovensko  |d Bratislava 
852 |a snk  |b Zaiova knižnica  |p SD 93842 
958 |a DF 
958 |a ONDV 
999 |c 1132721  |d 1134651 
952 |t Zay 12561; Z 14631  |a SNK  |b SNK  |c SNK_HF  |y PREZ  |7 0  |p 17A1568894  |o snkSD 93842  |i snk2025/17727  |8 5  |0 0  |1 0  |4 0  |d 2025-11-05  |l 0  |r 2026-02-24 19:07:46  |w 2026-02-24